000 00929nam a2200229 i 4500
001 72946
003 ES-MaACL
005 20250825075840.0
007 t|
008 040903m19671981sp ||||1| spa d
080 _a07(46)(091)
100 1 _aGómez Aparicio, Pedro,
_d1903-1983
_eaut
_957818
245 1 0 _aHistoria del periodismo español /
_cPedro Gómez Aparicio.
260 _aMadrid :
_bEditora Nacional,
_c1967-1981.
300 _a4 volúmenes ;
_c25 cm.
505 0 _aVol. I: Desde la Gaceta de Madrid (1661) hasta el destronamiento de Isabel II - v. II: De la Revolución de septiembre al desastre colonial - v. III: De las guerras coloniales a la dictadura - v. IV: De la dictadura a la guerra civil
650 0 4 _aPeriodismo-
_zEspaña-
_vHistoria
_915945
852 _aES-MaACL
_bR.89281
_cDEPO2
_jC-56442-45
942 _2udc
_cMONOGRAFIA
_n0
999 _c72946
_d72946